Kendji Girac - Statistiques

Statistiques générales
  • Ce quiz a été pris 211 fois
  • Le résultat moyen est 7 sur 17
Answers on the Grid
Answers color-coded by a green-red scale on the quiz's grid according to % correct below.
Caravane prime
Color Gitano
Andalouse
Bamboléo
Tiago
Les couleurs de la gitane
Le feu
L'eau
Cool
Volare
Pour Oublier
Pour se rappeler
Bella
Guitarra Gitana
La gitane
Le gitan
Mon univers
Por el Camino
Billie Bossa Nova
Mi amor
Encore
Plus loin
Bomba
Bomba latina
Sonrisa
Beauté gitane
Je te salue
Savoir dire
Le choix
Pourquoi
 
Statistiques - réponses
Réponse % Correct
Andalouse
74%
Color Gitano
74%
Tiago
66%
Pour Oublier
63%
Cool
60%
Mi amor
59%
Le feu
58%
Bella
52%
Sonrisa
34%
Mon univers
32%
Encore
31%
Le choix
25%
Je te salue
23%
Savoir dire
21%
La gitane
20%
Pourquoi
18%
Bomba
12%
Aucun quiz correspondant
Distribution des résultats
% des personnes avec chaque résultat
Percentile par nombre de réponses
Votre historique - résultats
Vous n’avez pas pris ce quiz